000 00692nam a22001937a 4500
005 20251229142727.0
008 251229b |||||||| |||| 00| 0 eng d
037 _cTB
040 _aAL
_cAL
041 _2pun
_apun
084 _qTB
100 _aਬੇਦੀ , ਹਰਚਰਨ ਸਿੰਘ
_9860092
245 _aਸਮੀਖਯਾ ਸਭਿਆਚਾਰ
260 _aਅੰਮ੍ਰਿਤਸਰ, ਭਾਰਤ:
_bਰਾਵੀ ਸਾਹਿਤ,
_c1990.
300 _a123 ਪ.
365 _b50.00
_cINR
942 _2CC
_cTB
_n0
999 _c1466565
_d1466565